000 00348nam a2200133Ia 4500
008 150202s9999 xx 000 0 und d
020 _a671744208
050 _aFIC
_bFIC
100 _aGarwood, Julie.
245 _aCastles /
_cJulie Gardner.
260 _aNew York :
_bPocket Books,
_c1993.
300 _a354 pages :
_c17 cm.
650 _aFiction.
999 _c282027
_d282027